000 00297cam a22000977a 4500
008 180718b1950 xxu||||| |||| 00| 0 eng d
082 _aA45:B136 BOMB/1950
245 _aAnnual report on sarvodaya, 1949-50
_cby Government of Bombay
260 _aBombay
_bGovernment Central Press
_c1950
300 _a48p.
999 _c504197
_d504197